Sermons preached at Brighton. (Record no. 16634)

000 -LEADER
fixed length control field 00491nam a2200169 a 4500
001 - CONTROL NUMBER
control field :::00019808$&:&@@
003 - CONTROL NUMBER IDENTIFIER
control field OkBaRHE
005 - DATE AND TIME OF LATEST TRANSACTION
control field 20100331152500.0
008 - FIXED-LENGTH DATA ELEMENTS--GENERAL INFORMATION
fixed length control field j 000 0 eng u
040 ## - CATALOGING SOURCE
Transcribing agency
100 1# - MAIN ENTRY--PERSONAL NAME
Personal name Robertson, Frederick W.
245 10 - TITLE STATEMENT
Title Sermons preached at Brighton.
260 ## - PUBLICATION, DISTRIBUTION, ETC. (IMPRINT)
Place of publication, distribution, etc New York
Name of publisher, distributor, etc Harper and Brothers
300 ## - PHYSICAL DESCRIPTION
Extent 838 p.
942 ## - ADDED ENTRY ELEMENTS (KOHA)
Source of classification or shelving scheme
Koha item type Books
Copies
Barcode Damaged status Price effective from Full call number Withdrawn status Not for loan Date acquired Copy number Permanent Location Source of classification or shelving scheme Shelving location Lost status Koha item type Date last seen
19808 2010-04-14BX 5133 .R6 S4  2010-04-141RHEMA Bible Training College General Stacks Books2010-04-14